Colombia : (Registro nro. 17809)
[ vista simple ]
| 000 -CABECERA | |
|---|---|
| Campo de control | 01434cam a2200349 a 4500 |
| 005 - FECHA Y HORA DE LA ULTIMA TRANSACCION | |
| Campo de control | 20150925101718.0 |
| 008 - ELEMENTOS DE LONGITUD FIJA—INFORMACION GENERAL | |
| Campo de control | 950727m1997 ck a r 00010 spa d |
| 015 ## - NATIONAL BIBLIOGRAPHY NUMBER | |
| National bibliography number | ck-1995-2000 |
| 020 ## - ISBN | |
| ISBN | 9586081257 |
| 040 ## - FUENTE DE CATALOGACIÓN | |
| Agencia catalogadora original | CO-BoBLA |
| Agencia transcriptora | CO-BoBLA |
| 041 0# - IDIOMA | |
| Código de idioma para texto/pista de sonido o título separado | Español |
| 043 ## - GEOGRAPHIC AREA CODE | |
| Geographic area code | s-ck--- |
| 044 ## - PAÍS DE PUBLICACIÓN | |
| País de publicación | Colombia |
| 082 04 - NUMERO DE CLASIFICACION DECIMAL DEWEY | |
| Número de clasificación | 574.52 |
| Número del ítem | C718c |
| 110 2# - ASIENTO PRINCIPAL--NOMBRE CORPORATIVO | |
| Nombre corporativo o de jurisdicción como elemento de entrada | Universidad Nacional de Colombia. |
| Unidad subordinad | Instituto de Ciencias Naturales. |
| 245 10 - MENCION DE TITULO | |
| Título | Colombia : |
| Parte restante del título | diversidad biotica II |
| Mención de responsabilidad | Universidad Nacional de Colombia ; mapas, ilustraciones Mauricio Aguilar-P. |
| 250 ## - MENCION DE EDICION | |
| Mención de edición | Editor J. Orlando Rangel Ch. |
| 260 ## - PUBLICACION, DISTRIBUCION, ETC. (PIE DE IMPRENTA) | |
| Lugar de publicación, distribución, etc. | Bogota : |
| Nombre del editor, distribuidor, etc. | Universidad Nacional de Colombia, Inderena, Fundaciones FES, |
| Fecha de publicación, distribución, etc. | 1997 |
| 300 ## - DESCRIPCION FISICA | |
| Extensión | 432 Paginas: |
| Otros detalles físicos | ilustraciones, mapas ; |
| Dimensiones | 23 cm. |
| 504 ## - NOTA DE BIBLIOGRAFIA, ETC. | |
| Nota de bibliografía | Incluye bibliografias. |
| 505 0# - NOTA DE CONTENIDO | |
| Nota de contenido | Tipos de Vegetación en Colombia, la distribución de los tipos de Vegetación en las Regiones Naturales de colombia, Métodos de estudio de la Vegetación en Colombia, |
| 650 #4 - ASIENTO SECUNDARIO DE MATERIA - TERMINO TEMATICO | |
| Término temático o nombre geográfico como elemento de entrada | Tipos de Vegetación |
| Subdivisión geográfica | Colombia. |
| 650 #4 - ASIENTO SECUNDARIO DE MATERIA - TERMINO TEMATICO | |
| Término temático o nombre geográfico como elemento de entrada | Diversidad Vegetacion |
| Subdivisión geográfica | Colombia. |
| 650 #4 - ASIENTO SECUNDARIO DE MATERIA - TERMINO TEMATICO | |
| Término temático o nombre geográfico como elemento de entrada | Caracterización |
| Subdivisión geográfica | Colombia. |
| 650 #4 - ASIENTO SECUNDARIO DE MATERIA - TERMINO TEMATICO | |
| Término temático o nombre geográfico como elemento de entrada | Floristica |
| Subdivisión geográfica | Colombia. |
| 650 #4 - ASIENTO SECUNDARIO DE MATERIA - TERMINO TEMATICO | |
| Término temático o nombre geográfico como elemento de entrada | Fisionomia |
| Subdivisión geográfica | Colombia. |
| 700 1# - ASIENTO SECUNDARIO - NOMBRE PERSONAL | |
| Nombre personal | Aguilar-P., Mauricio, |
| Término de relación | il. |
| 700 1# - ASIENTO SECUNDARIO - NOMBRE PERSONAL | |
| Nombre personal | Rangel Ch., J. Orlando, |
| Término de relación | ed. |
| 740 02 - ASIENTO SECUNDARIO - TITULOS RELACIONADOS /ANALITICOS NO CONTROLADOS | |
| Título relacionado o analítico no controlado | Tipos de vegetacion en Colombia. |
| 942 ## - ELEMENTOS ADICIONALES (KOHA) | |
| Sistema de clasificación | Dewey Decimal Classification |
| Tipo de ítem | Libro |
| 949 ## - LOCAL PROCESSING INFORMATION (OCLC) | |
| a | c |
| b | c |
| Withdrawn status | Lost status | Sistema de Clasificación | Damaged status | No para préstamo | Colección | Fecha publicación (Año) | Inventariado | Ubicación Permanente | Ubicación actual | Fecha de adquisición | Fuente de Valor | Valor | Total Checkouts | Número topográfico | Inventario / Código de Barras | Date last seen | Ejemplar | Price effective from | Forma de adquisición | Tipo de material |
|---|---|---|---|---|---|---|---|---|---|---|---|---|---|---|---|---|---|---|---|---|
| Dewey Decimal Classification | General | 1997 | Inventariado 2017 | Bogotá | Bogotá | 25/09/2015 | Instituto | 39000.00 | LB-574.52 C718c | 000519 | 25/09/2015 | V. 2 Ej. 1 | 25/09/2015 | Libro | ||||||
| Dewey Decimal Classification | Procesos Técnicos | General | 1997 | Inventariado 2017 | Sala Fabio Quevedo | Sala Fabio Quevedo | 25/09/2015 | Instituto | 39000.00 | LB-574.52 C718c | 004782 | 25/09/2015 | V. 2 Ej. 2 | 25/09/2015 | Libro |